000 01779nam a22003254a 4500
001 ebr10038740
003 CaPaEBR
006 m u
007 cr cn|||||||||
008 010803s2001 dcua sb 000 0 eng
010 _z 2001094462
020 _z030907603X (perfectbound)
040 _aCaPaEBR
_cCaPaEBR
035 _a(OCoLC)70723687
050 1 4 _aTL158
_b.N39 2001eb
082 0 4 _a629.2/07/2073
_221
110 2 _aNational Research Council (U.S.).
_bStanding Committee to Review the Research Program of the Partnership for a New Generation of Vehicles.
245 1 0 _aReview of the Research Program of the Partnership for a New Generation of Vehicles
_h[electronic resource] :
_bseventh report /
_cStanding Committee to Review the Research Program of the Partnership for a New generation of Vehicles ; Board on Energy and Environmental Systems, Division on Engineering and Physical Sciences, Transportation Research Board, National Research Council.
260 _aWashington, D.C. :
_bNational Academy Press,
_cc2001.
300 _a117 p. :
_bill.
504 _aIncludes bibliographical references (p. 86-89).
533 _aElectronic reproduction.
_bPalo Alto, Calif. :
_cebrary,
_d2013.
_nAvailable via World Wide Web.
_nAccess may be limited to ebrary affiliated libraries.
610 2 0 _aPartnership for a New Generation of Vehicles (U.S.)
650 0 _aMotor vehicles
_xResearch
_zUnited States.
650 0 _aAutomobiles
_xEnergy consumption
_xResearch
_zUnited States.
650 0 _aAutomobile industry and trade
_xGovernment policy
_zUnited States.
655 7 _aElectronic books.
_2local
710 2 _aebrary, Inc.
856 4 0 _uhttp://site.ebrary.com/lib/rucke/Doc?id=10038740
_zAn electronic book accessible through the World Wide Web; click to view
999 _c57060
_d57060